| 000 | 00458nam a2200169Ia 4500 | ||
|---|---|---|---|
| 005 | 20250423095855.0 | ||
| 008 | 250422s9999 xx 000 0 und d | ||
| 020 | _a9789350141311 | ||
| 050 | _aTC 805 .S24/ | ||
| 245 | 0 | _aIrrigation engineering and hydraulic structures | |
| 260 | _aNew Delhi | ||
| 260 | _bS. K. Kataria & Sons | ||
| 260 | _c2013 | ||
| 300 | _a982 p | ||
| 650 | _a Irrigation engineering. Hydraulic structures. | ||
| 942 | _cBK | ||
| 999 |
_c31592 _d31592 |
||